Selected articles from the creative English teaching forum : Classroom activities 1989 - 1993

Spremljeno u:
Bibliografski detalji
Format: Knjiga
Jezik:Undetermined
Izdano: Washington, D.C. United States Department of State 1995
Teme:
Oznake: Dodaj oznaku
Bez oznaka, Budi prvi tko označuje ovaj zapis!
Thư viện lưu trữ: Trung tâm Học liệu Trường Đại học Cần Thơ
LEADER 00604nam a2200193Ia 4500
001 CTU_125716
008 210402s9999 xx 000 0 und d
082 |a 428.007 
082 |b S465 
245 0 |a Selected articles from the creative English teaching forum : 
245 0 |b Classroom activities 1989 - 1993 
245 0 |c Edited by Thomas Kral 
260 |a Washington, D.C. 
260 |b United States Department of State 
260 |c 1995 
650 |a English language 
650 |x Study and teaching,Foreign speakers 
904 |i Minh 
980 |a Trung tâm Học liệu Trường Đại học Cần Thơ